| 000 | 01865nam a2200313 a 4500 | ||
|---|---|---|---|
| 001 | 77705 | ||
| 003 | BD-RjUL | ||
| 005 | 20211209083019.0 | ||
| 008 | 201229s2016 bg ||||| |||| 00| 0 ben d | ||
| 035 | _a(BD-RjUL)77931 | ||
| 040 |
_aBD-RjUL _beng _cBD-RjUL |
||
| 041 | _aben | ||
| 082 |
_223 _a297.8 _bASH 2016 |
||
| 245 |
_aআশুরা ও কারবালা বিষয়ক প্রশ্নোত্তর / _cমূল ফারসি : লেখকবৃন্দ ;অনুবাদ : আবদুল্লাহ, মোঃ আনিসুর রহমান, মোঃ মোজাফ্ফর হোসেন, মোঃ রফিকুল ইসলাম, মোঃ ফয়সল বারী, আবুল কাসেম ; সম্পাদনাঃ এ কে এম আনোয়ারুল কবীর |
||
| 260 |
_aঢাকা : _bআহলে বাইত (আ.) বিশ্ব সংস্থা ,ইরান ও বাংলাদেশ ইসলামী সাংস্কৃতিক পরিষদ ,ইরান _c২০১৬ |
||
| 300 |
_a৩৩৪ পৃ.; _c২২ সেমি. |
||
| 600 |
_aহোসাইন, ইবনে আলী _d৬৮০ _9243063 |
||
| 600 |
_aHusayn ibn ʻAli' _d680 _9243064 |
||
| 650 |
_aদশ মুহররম (আশুরা) _9243054 |
||
| 650 |
_aTenth of Muḥarram ( Ashura) _9243055 |
||
| 700 |
_aআবদুল্লাহ _9243065 |
||
| 700 |
_aরহমান, মোঃ আনিসুর _9243066 |
||
| 700 |
_aহোসেন,মোঃ মোজাফ্ফর _9243058 |
||
| 700 |
_aইসলাম,মোঃ রফিকুল _9243059 |
||
| 700 |
_aবারী, মোঃ ফয়সল _9243067 |
||
| 700 |
_aকাসেম, আবুল _9243068 |
||
| 700 |
_aকবীর, এ কে এম আনোয়ারুল _9243069 |
||
| 942 |
_2ddc _cBK |
||
| 999 |
_c77705 _d77705 |
||